[Event "Vienna Husek op-B"]
[Site "Vienna"]
[Date "2012.08.19"]
[Round "7"]
[White "Landl, Margot"]
[Black "Jordanova, Joana"]
[Result "1-0"]
[WhiteElo "1779"]
[BlackElo "1662"]
[PlyCount "71"]
[EventDate "2012.08.13"]
[EventType "swiss"]
[EventRounds "7"]
[EventCountry "AUT"]
[SourceTitle "EXT 2014"]
[Source "ChessBase"]
[SourceDate "2013.11.20"]
[SourceVersion "1"]
[SourceVersionDate "2013.11.20"]
[SourceQuality "1"]

1. e4 e5 2. Nf3 Nc6 3. Bb5 d6 4. d4 Bd7 5. 0-0 Nf6 6. Re1 Be7 7. Nc3 exd4 8. Nxd4 Nxd4 9. Bxd7+ Nxd7 10. Qxd4 0-0 11. Nd5 Bf6 12. Nxf6+ Qxf6 13. c3 Rfe8 14. Bd2 a6 15. f3 Rad8 16. Qd5 c6 17. Qb3 Nc5 18. Qb6 Rd7 19. Be3 Nd3 20. Red1 Ne5 21. Bd4 Qg5 22. Bxe5 Rxe5 23. Qf2 Qh6 24. Re1 Rh5 25. g3 Qe6 26. b3 Re5 27. c4 d5 28. exd5 cxd5 29. Rxe5 Qxe5 30. Re1 Qb8 31. Qd4 h6 32. cxd5 Qd6 33. Qd3 Kf8 34. Qh7 Qc5+ 35. Kg2 f5 36. Qh8+ 1-0